Les 386 premiers pokémon en français - Statistiques

Statistiques générales
  • Ce quiz a été pris 3 626 fois
    3 607 depuis la dernière actualisation
  • Le résultat moyen est 270 sur 386
Statistiques - réponses
Numéro Réponse % Correct
1 Bulbizarre
98%
4 Salamèche
98%
6 Dracaufeu
97%
3 Florizarre
97%
2 Herbizarre
97%
5 Reptincel
97%
8 Carabaffe
96%
7 Carapuce
96%
9 Tortank
96%
25 Pikachu
95%
10 Chenipan
94%
12 Papilusion
94%
26 Raichu
94%
13 Aspicot
93%
11 Chrysacier
93%
14 Coconfort
93%
151 Mew
93%
150 Mewtwo
93%
16 Roucool
93%
17 Roucoups
93%
15 Dardargnan
92%
18 Roucarnage
92%
146 Sulfura
92%
144 Artikodin
91%
148 Draco
91%
134 Aquali
90%
149 Dracolosse
90%
133 Evoli
90%
147 Minidraco
90%
23 Abo
89%
24 Arbok
89%
145 Électhor
89%
21 Piafabec
89%
136 Pyroli
89%
19 Rattata
89%
20 Rattatac
89%
135 Voltali
89%
63 Abra
88%
155 Héricendre
88%
130 Léviator
88%
129 Magicarpe
88%
34 Nidoking
88%
31 Nidoqueen
88%
22 Rapasdepic
88%
65 Alakazam
87%
92 Fantominus
87%
152 Germignon
87%
75 Gravalanch
87%
76 Grolem
87%
64 Kadabra
87%
158 Kaiminus
87%
66 Machoc
87%
43 Mystherbe
87%
29 | 32 Nidoran
87%
30 Nidorina
87%
33 Nidorino
87%
95 Onix
87%
74 Racaillou
87%
39 Rondoudou
87%
160 Aligatueur
86%
94 Ectoplasma
86%
40 Grodoudou
86%
67 Machopeur
86%
173 Mélo
86%
41 Nosferapti
86%
44 Ortide
86%
93 Spectrum
86%
59 Arcanin
85%
38 Feunard
85%
37 Goupix
85%
250 Ho-Oh
85%
249 Lugia
85%
68 Mackogneur
85%
126 Magmar
85%
154 Méganium
85%
36 Mélodelfe
85%
35 Mélofée
85%
197 Noctali
85%
42 Nosferalto
85%
172 Pichu
85%
45 Rafflesia
85%
27 Sabelette
85%
245 Suicune
85%
157 Typhlosion
85%
58 Caninos
84%
125 Élektek
84%
244 Entei
84%
123 Insécateur
84%
196 Mentali
84%
143 Ronflex
84%
28 Sablaireau
84%
109 Smogo
84%
139 Amonistar
83%
138 Amonita
83%
70 Boustiflor
83%
69 Chétiflor
83%
156 Feurisson
83%
140 Kabuto
83%
141 Kabutops
83%
153 Macronium
83%
81 Magnéti
83%
82 Magnéton
83%
52 Miaouss
83%
53 Persian
83%
142 Ptéra
83%
110 Smogogo
83%
251 Celebi
82%
159 Crocrodil
82%
71 Empiflor
82%
255 Poussifeu
82%
243 Raikou
82%
120 Stari
82%
121 Staross
82%
128 Tauros
82%
252 Arcko
81%
101 Électrode
81%
258 Gobou
81%
124 Lippoutou
81%
77 Ponyta
81%
107 Tygnon
81%
100 Voltorbe
81%
78 Galopa
80%
106 Kicklee
80%
113 Leveinard
80%
50 Taupiqueur
80%
257 Braségali
79%
239 Élekid
79%
89 Grotadmorv
79%
383 Groudon
79%
382 Kyogre
79%
131 Lokhlass
79%
240 Magby
79%
169 Nostenfer
79%
118 Poissirene
79%
60 Ptitard
79%
208 Steelix
79%
88 Tadmorv
79%
49 Aéromite
78%
256 Galifeu
78%
117 Hypocéan
78%
116 Hypotrempe
78%
87 Lamantine
78%
48 Mimitoss
78%
86 Otaria
78%
62 Tartard
78%
61 Têtarte
78%
51 Triopikeur
78%
253 Massko
77%
119 Poissoroy
77%
79 Ramoloss
77%
127 Scarabrute
77%
174 Toudoudou
77%
80 Flagadoss
76%
259 Flobio
76%
254 Jungko
76%
260 Laggron
76%
384 Rayquaza
76%
72 Tentacool
76%
161 Fouinette
75%
163 Hoothoot
75%
115 Kangourex
75%
46 Paras
75%
47 Parasect
75%
137 Porygon
75%
111 Rhinocorne
75%
73 Tentacruel
75%
386 Deoxys
74%
162 Fouinar
74%
132 Métamorph
74%
54 Psykokwak
74%
112 Rhinoféros
74%
96 Soporifik
74%
55 Akwakwak
73%
84 Doduo
73%
97 Hypnomade
73%
230 Hyporoi
73%
385 Jirachi
73%
238 Lippouti
73%
122 M.Mime
73%
164 Noarfang
73%
248 Tyranocif
73%
83 Canarticho
72%
212 Cizayox
72%
57 Colossinge
72%
85 Dodrio
72%
246 Embrylex
72%
56 Férosinge
72%
103 Noadkoko
72%
102 Noeunoeuf
72%
105 Ossatueur
72%
104 Osselait
72%
247 Ymphect
72%
265 Chenipotte
71%
91 Crustabri
71%
182 Joliflor
71%
99 Krabboss
71%
98 Krabby
71%
90 Kokiyas
70%
380 Latias
70%
381 Latios
70%
114 Saquedeneu
70%
266 Armulys
69%
264 Linéon
69%
167 Mimigal
69%
378 Regice
69%
263 Zigzaton
69%
268 Blindalys
68%
236 Debugant
68%
373 Drattak
68%
108 Excelangue
68%
180 Lainergie
68%
242 Leuphorie
68%
261 Medhyèna
68%
181 Pharamp
68%
377 Regirock
68%
379 Registeel
68%
199 Roigada
68%
371 Draby
67%
262 Grahyèna
67%
168 Migalos
67%
276 Nirondelle
67%
269 Papinox
67%
227 Airmure
66%
267 Charmillon
66%
229 Démolosse
66%
277 Hélédelle
66%
237 Kapoera
66%
228 Malosse
66%
241 Écrémeuh
65%
376 Métalosse
65%
214 Scarhino
65%
186 Tarpaud
65%
179 Wattouat
65%
282 Gardevoir
64%
183 Marill
64%
375 Métang
64%
233 Porygon2
64%
202 Qulbutoké
64%
374 Terhal
64%
175 Togepi
64%
165 Coxy
63%
270 Nénupiot
63%
280 Tarsal
63%
184 Azumarill
62%
166 Coxyclaque
62%
281 Kirlia
62%
218 Limagma
62%
271 Lombre
62%
272 Ludicolo
62%
275 Tengalice
62%
201 Zarbi
62%
200 Feuforêve
61%
312 Négapi
61%
274 Pifeuil
61%
311 Posipi
61%
198 Cornèbre
60%
273 Grainipiot
60%
170 Loupio
60%
177 Natu
60%
185 Simularbre
60%
176 Togetic
60%
219 Volcaropod
60%
279 Békipan
59%
372 Drackhaus
59%
309 Dynavolt
59%
310 Élecsprint
59%
278 Goélise
59%
178 Xatu
59%
171 Lanturn
58%
287 Parecool
58%
298 Azurill
57%
305 Galegon
57%
304 Galekid
57%
306 Galeking
57%
289 Monaflèmit
57%
320 Wailmer
57%
321 Wailord
57%
334 Altaria
56%
323 Camérupt
56%
322 Chamallot
56%
189 Cotovol
56%
328 Kraknoix
56%
330 Libégon
56%
296 Makuhita
56%
319 Sharpedo
56%
288 Vigoroth
56%
349 Barpau
55%
366 Coquiperl
55%
226 Démanta
55%
297 Hariyama
55%
192 Héliatronc
55%
365 Kaimorse
55%
363 Obalie
55%
364 Phogleur
55%
369 Relicanth
55%
336 Séviper
55%
355 Skelénox
55%
302 Ténéfix
55%
217 Ursaring
55%
354 Branette
54%
318 Carvanha
54%
234 Cerfrousse
54%
324 Chartor
54%
215 Farfuret
54%
188 Floravol
54%
203 Girafarig
54%
187 Granivol
54%
345 Lilia
54%
335 Mangriff
54%
360 Okéoké
54%
367 Serpang
54%
338 Solaroc
54%
216 Teddiursa
54%
356 Téraclope
54%
191 Tournegrin
54%
333 Tylton
54%
329 Vibraninf
54%
359 Absol
53%
347 Anorith
53%
348 Armaldo
53%
194 Axoloto
53%
221 Cochignon
53%
206 Insolourdo
53%
220 Marcacrin
53%
350 Milobellus
53%
353 Polichombr
53%
223 Rémoraid
53%
368 Rosabyss
53%
337 Séléroc
53%
357 Tropius
53%
346 Vacilys
53%
308 Charmina
52%
293 Chuchmur
52%
232 Donphan
52%
195 Maraiste
52%
292 Munja
52%
231 Phanpy
52%
204 Pomdepik
52%
225 Cadoizo
51%
205 Foretress
51%
290 Ningale
51%
291 Ninjask
51%
224 Octillery
51%
362 Oniglali
51%
211 Qwilfish
51%
294 Ramboum
51%
361 Stalgamin
51%
193 Yanma
51%
285 Balignon
50%
295 Brouhabam
50%
190 Capumain
50%
307 Méditikka
50%
235 Queulorior
50%
315 Rosélia
50%
299 Tarinor
50%
283 Arakdo
49%
331 Cacnea
49%
332 Cacturne
49%
213 Caratroc
49%
286 Chapignon
49%
301 Delcatty
49%
344 Kaorine
49%
370 Lovdisc
49%
303 Mysdibule
49%
207 Scorplane
49%
300 Skitty
49%
343 Balbuto
48%
222 Corayon
48%
341 Écrapince
48%
358 Éoko
48%
210 Granbull
48%
284 Maskadra
48%
209 Snubull
47%
327 Spinda
47%
342 Colhomard
46%
317 Avaltout
45%
316 Gloupti
45%
351 Morphéo
45%
313 Muciole
45%
352 Kecleon
44%
314 Lumivole
44%
325 Spoink
44%
326 Groret
43%
340 Barbicha
41%
339 Barloche
41%
Aucun quiz correspondant
Distribution des résultats
% des personnes avec chaque résultat
Percentile par nombre de réponses
Votre historique - résultats
Vous n’avez pas pris ce quiz depuis la dernière actualisation